The MLJ civil court manual : (Record no. 101839)
[ view plain ]
| 000 -LEADER | |
|---|---|
| fixed length control field | 01101nam a22002057a 4500 |
| 005 - DATE AND TIME OF LATEST TRANSACTION | |
| control field | 20160809163621.0 |
| 010 ## - LCCN (DPL NO) | |
| LC control number | ENG-115646-647 |
| 020 ## - INTERNATIONAL STANDARD BOOK NUMBER | |
| Terms of availability | 1295.00 (Per vol.) |
| International Standard Book Number | 9789351436775(v.12) |
| 020 ## - INTERNATIONAL STANDARD BOOK NUMBER | |
| Terms of availability | 1295.00 (Per vol.) |
| International Standard Book Number | 9788180387968(v.13) |
| 035 ## - SYSTEM CONTROL NUMBER | |
| System control number | EN-96436-439 |
| 037 ## - SOURCE OF ACQUISITION | |
| Source of stock number/acquisition | DBAD/PUB |
| 082 ## - DEWEY DECIMAL CLASSIFICATION NUMBER | |
| Classification number | 346.54 |
| 245 ## - TITLE STATEMENT | |
| Title | The MLJ civil court manual : |
| Remainder of title | central acts with important rules |
| 250 ## - EDITION STATEMENT | |
| Edition statement | 14th ed |
| 260 ## - PUBLICATION, DISTRIBUTION, ETC. (IMPRINT) | |
| Place of publication, distribution, etc | Gurgaon |
| Name of publisher, distributor, etc | LexisNexis |
| Date of publication, distribution, etc | 2015 |
| 270 ## - ADDRESS | |
| Address | 14th Floor, Building No.10, Tower-B, DLF Cyber City, Phase-II, |
| City | Gurgaon |
| Postal code | 122002 |
| 300 ## - PHYSICAL DESCRIPTION | |
| Extent | V.12-13 (xvi,690;xvi,424p.) |
| Dimensions | 25cm(Hb) |
| 505 ## - FORMATTED CONTENTS NOTE | |
| Formatted contents note | v.-12 Constitution of India Artical 226(Not161) to 307 including extracts from the Constitution Assembly Debates.edited by M.L. Singhal<br/>v.10- Constitution of India article 22 to 213 including select extracts from the constituent assembly debates ; edited by M.L. Singhal<br/>v.11-Constitution of India articles 308 to Twelfth Schedule including select extracts from the constituent assembly debates ; edited by M.L. Singhal |
| 942 ## - ADDED ENTRY ELEMENTS (KOHA) | |
| Source of classification or shelving scheme | Dewey Decimal Classification |
| Item type | English Books |
| Classification part | 346.54 |
| Call number suffix | MLJ |
| Withdrawn status | Lost status | Materials specified (bound volume or other part) | Not for loan | Collection code | Home library | Current library | Date acquired | Source of acquisition | Cost, normal purchase price | Full call number | Barcode | Copy number | Cost, replacement price | Koha item type |
|---|---|---|---|---|---|---|---|---|---|---|---|---|---|---|
| V-12 | Not For Loan | Reference | D.B.Act.Division | Central Library | 05/08/2016 | DBAD/PUB | 1295.00 | 346.54 MLJ | EN-99178 | 1 | 1295.00 | English Books | ||
| V-13 | Not For Loan | Reference | Central Library | Central Library | 05/08/2016 | DBAD/PUB | 1295.00 | 346.54 MLJ | EN-99179 | 1 | 1295.00 | English Books |
